header

A hanging in Nacogdoches (Record no. 145061)

MARC details
000 -LEADER
fixed length control field 01827nam a2200433 a 4500
082 04 - DEWEY DECIMAL CLASSIFICATION NUMBER
Classification number 364.1/34
100 1# - MAIN ENTRY--AUTHOR NAME
Personal name Borders, Gary B.
245 12 - TITLE STATEMENT
Title A hanging in Nacogdoches
250 ## - EDITION STATEMENT
Edition statement 1st ed.
260 ## - PUBLICATION, DISTRIBUTION, ETC. (IMPRINT)
Place of publication Austin :
Name of publisher University of Texas Press,
Year of publication 2006.
300 ## - PHYSICAL DESCRIPTION
Number of Pages xii, 209 p. :
Other physical details ill., maps.
490 1# - SERIES STATEMENT
Series statement Clifton and Shirley Caldwell Texas heritage series ;
650 #0 - SUBJECT ADDED ENTRY--TOPICAL TERM
Topical Term Lynching
Topical Term Vendetta
Topical Term Populism
Topical Term Populism
856 40 - ELECTRONIC LOCATION AND ACCESS
Uniform Resource Identifier http://site.ebrary.com/lib/rucke/Doc?id=10185704

No items available.

© 2026 Rongo University
Contact us: librarian | system librarian | Rongo university